Zákon o priestupkoch.

V zákone sú zakotvené nové hmotnoprávne a procesnoprávne inštitúty ako je napr. príčetnosť, nepríčetnosť, krajná núdza, nutná obrana, ustanovenia o mladistvých a pod. Novo sa zavádza povinnosť uhradiť štátu trovy, ktoré vzniknú z prejednávania priestupkov. Charakteristika 4 častí zákona: Všeobecnej...

Full description

Saved in:
Bibliographic Details
Format: Book Chapter
Language:Slovak
Subjects:
Tags: Add Tag
No Tags, Be the first to tag this record!

MARC

LEADER 00000naa a2200000 4500
001 r006129
005 20221125081607.1
041 0 |a slo 
044 |a [CS] 
245 1 0 |a Zákon o priestupkoch. 
520 |a V zákone sú zakotvené nové hmotnoprávne a procesnoprávne inštitúty ako je napr. príčetnosť, nepríčetnosť, krajná núdza, nutná obrana, ustanovenia o mladistvých a pod. Novo sa zavádza povinnosť uhradiť štátu trovy, ktoré vzniknú z prejednávania priestupkov. Charakteristika 4 častí zákona: Všeobecnej časti. Osobitnej časti. Konania o priestupkoch. Spoločných, prechodných a záverečných ustanovení. 
610 2 0 |a zákony 
610 2 0 |a právo trestné 
610 2 0 |a Slovensko